Η δημοκρατία στην αρχαία Ελλάδα : 2.500 χρόνια από τη γένεσή της
Saved in:
| Main Author: | |
|---|---|
| Format: | Book |
| Language: | Greek |
| Published: |
Αθήνα :
Ιδρυμα Γουλανδρή-Χορν,
1993
|
| Subjects: | |
| Tags: |
Add Tag
No Tags, Be the first to tag this record!
|
MARC
| LEADER | 00000nam a2200000 i 4500 | ||
|---|---|---|---|
| 001 | 1/68037 | ||
| 008 | 931119s1993 gre d | ||
| 020 | |a 960-7079-08-6 | ||
| 035 | |a ΛΕΣΒΟΣb10002002 |l 10002002 | ||
| 040 | |a GR-MY-UA |b gre |e aacr | ||
| 041 | 0 | |a gre | |
| 082 | 0 | |a 938.1 | |
| 100 | 1 | |a Αντωνόπουλος, Νικόλαος Αθ. | |
| 245 | 1 | 2 | |a Η δημοκρατία στην αρχαία Ελλάδα : |b 2.500 χρόνια από τη γένεσή της / |c Νικολάου Αθ. Αντωνοπουλου |
| 260 | |a Αθήνα : |b Ιδρυμα Γουλανδρή-Χορν, |c 1993 | ||
| 300 | |a 57 σ. | ||
| 650 | 0 | 0 | |a History, Ancient. |
| 650 | 0 | 0 | |a Democracy. |
| 651 | 0 | |a Greece |x History. | |
| 852 | |a INST |b LESVOS |e 19931119 |h 938.1 ΑΝΤ |p 005100005190 |q 005100005190 |t BK |y 0 | ||
| 909 | |a Λ |b 031550 | ||